ბათუმის შოთა რუსთაველის სახელმწიფო უნივერსიტეტის ბიბლიოთეკა

Электрические машины(специальный курс). (ბიბ.ჩანაწერი № 47874)

000 -LEADER
fixed length control field 00735nam a2200229Ia 4500
001 - CONTROL NUMBER
control field 14750
003 - CONTROL NUMBER IDENTIFIER
control field GE_BSU
008 - FIXED-LENGTH DATA ELEMENTS--GENERAL INFORMATION
fixed length control field 181216s||||||||xx |||||||||||||| ||und||
040 ## - CATALOGING SOURCE
Transcribing agency GE_BSU
080 ## - UNIVERSAL DECIMAL CLASSIFICATION NUMBER
Universal Decimal Classification number 621.313(075.8)
100 ## - MAIN ENTRY--PERSONAL NAME
Personal name Сипаилов,Г.Л. Кононенко,Е.В. Хорьков,К.А.
245 ## - TITLE STATEMENT
Title Электрические машины(специальный курс).
245 ## - TITLE STATEMENT
Remainder of title Учеб. для вузов.
250 ## - EDITION STATEMENT
Edition statement 2-е изд. переаб. и доп.
260 ## - PUBLICATION, DISTRIBUTION, ETC.
Place of publication, distribution, etc. М.
260 ## - PUBLICATION, DISTRIBUTION, ETC.
Name of publisher, distributor, etc. Высш. шк.
260 ## - PUBLICATION, DISTRIBUTION, ETC.
Date of publication, distribution, etc. 1987.
300 ## - PHYSICAL DESCRIPTION
Extent 287 стр. с илл. 22 см.
300 ## - PHYSICAL DESCRIPTION
Accompanying material Табл.
653 ## - INDEX TERM--UNCONTROLLED
Uncontrolled term Электрические машины(специальный курс).
942 ## - ADDED ENTRY ELEMENTS (KOHA)
Koha item type წიგნი
ეგზემპლარები
Withdrawn status Lost status Damaged status Not for loan Date acquired Barcode Date last seen Price effective from Koha item type
        2018-12-17 10798 2018-12-17 2018-12-17 წიგნი